Sports Quiz

Random Sports or NFL Quiz
Score 0/40 Timer 06:00
1 Play Today
% Correct
Walter Payton
96.1%
Barry Sanders
95.6%
Adrian Peterson
94.6%
Ahman Green
79.3%
Matt Forte
75.9%
Robert Smith
71.4%
Thomas Jones
70.5%
Kevin Jones
70.4%
James Jones
70.3%
Gale Sayers
53.1%
Eddie Lacy
48.5%
Jim Taylor
48%
Chester Taylor
48%
Altie Taylor
47.9%
Jordan Howard
45.3%
Neal Anderson
44.9%
Dorsey Levens
40.8%
Ryan Grant
37.7%
Billy Sims
36%
Anthony Thomas
35.2%
% Correct
Bill Brown
33.1%
Michael Bennett
33.1%
Ted Brown
33%
Paul Hornung
31.7%
Chuck Foreman
30.6%
James Stewart
15.4%
John Brockington
14.1%
Darrin Nelson
10.6%
Dexter Bussey
7.2%
Rick Casares
6.6%
Tony Canadeo
5.9%
Dave Osborn
5.8%
Gerry Ellis
5.6%
Roland Harper
5.3%
Mel Farr
5.1%
Willie Galimore
3.4%
Tommy Mason
2.8%
Clarke Hinkle
2.4%
Nick Pietrosante
2.3%
Ace Gutowsky
1.4%

You're not logged in!

Compare scores with friends on all Sporcle quizzes.
OR
Log In

Sporcle TV

Today on Sporcle TV


Watch our educational content, quiz creation guides, and fun videos on Sporcle TV.

Show Comments

Extras

Top Quizzes Today


Score Distribution

Paid Content

Your Account Isn't Verified!

In order to create a playlist on Sporcle, you need to verify the email address you used during registration. Go to your Sporcle Settings to finish the process.

Report this User

Report this user for behavior that violates our Community Guidelines.

Details: